| 000 | 01121nam a2200277 a 4500 | ||
|---|---|---|---|
| 001 | 000081402 | ||
| 005 | 20200120224527.0 | ||
| 008 | 161121s2015 ck d|||e o||| 001 edspa d | ||
| 020 | _a9789588806891 | ||
| 041 | 0 | _a/#spa | |
| 043 | _as-ck--- | ||
| 082 | 0 | 4 |
_a303.62 _bR15 _221 |
| 100 | 1 | _aRamírez Bonilla, Laura Camila | |
| 245 | 1 | 0 |
_aEntre altares y mesas de diálogo : _bel episcopado colombiano en acercamientos de paz con grupos armados ilegales (1994-2006) / _cLaura Camia Ramírez Bonilla. |
| 250 | _a1a. ed. | ||
| 260 |
_aBogotá : _bPenguin Random House Grupo Editorial, _c2015. |
||
| 300 |
_a415 página : _bgráficas ; diagrámas. |
||
| 490 | 0 | _aBiblioteca IEPRI. 25 años. | |
| 500 | _aIncluye índice y anexos | ||
| 504 | _aReferencias bibliográficas p. 404-415 | ||
| 650 | 1 | 7 |
_aIglesia católica _xAspectos sociales _y1994-2006 _zColombia _2LEMB |
| 650 | 2 | 7 |
_aDialogos de paz _y1994-2006 _zColombia _2LEMB |
| 650 | 2 | 7 |
_aGrupos subversivos _y1994-2006 _zColombia _2LEMB |
| 650 | 2 | 7 |
_aConflicto armado _y1994-2006 _zColombia _2LEMB |
| 650 | 2 | 7 |
_aIglesia católica y problemas sociales _y1994-2006 _zColombia _2LEMB |
| 999 |
_c9814 _d9814 |
||